| 000 | 00441cam a2200181ua 4500 | ||
|---|---|---|---|
| 020 | _c15.00 | ||
| 041 |
_aeng _h |
||
| 082 |
_a636.293 _bFAH/DO |
||
| 100 | _aFahimuddin, M . | ||
| 245 |
_aDomestic water buffalo / _cM.Fahimuddin. _hTextual Documents |
||
| 250 |
_a1 / _b. |
||
| 260 |
_a : _bOxford & IBH Publishing company , _c1975. |
||
| 300 | _a422 ; . | ||
| 365 | _a15.00 | ||
| 504 | _a | ||
| 942 | _cBK | ||
| 999 |
_c2224 _d2224 |
||